Vergleichendes Wörterbuch der Indogemanischen Sprachen (Registro nro. 54144)

Detalles MARC
000 -LEADER
campo de control de longitud fija 00546nam a22001695i 4500
001 - NÚMERO DE CONTROL
campo de control 54144
003 - IDENTIFICADOR DE NÚMERO DE CONTROL
campo de control ES-MaACL
007 - CAMPO FIJO DE DESCRIPCIÓN FÍSICA--INFORMACIÓN GENERAL
campo de control de longitud fija t|
008 - DATOS DE LONGITUD FIJA--INFORMACIÓN GENERAL
campo de control de longitud fija 960711s1871 gw ||||1| ger d
040 ## - FUENTE DE CATALOGACIÓN
Centro catalogador/agencia de origen CAM
Lengua de catalogación spa
Centro/agencia transcriptor CAM
100 1# - ENTRADA PRINCIPAL--NOMBRE DE PERSONA
Nombre de persona Fick, August.
9 (RLIN) 50683
245 10 - MENCIÓN DEL TÍTULO
Título Vergleichendes Wörterbuch der Indogemanischen Sprachen
Resto del título : ein sprachgeschichtlicher Versuch /
Mención de responsabilidad, etc. von August Fick.
250 ## - MENCION DE EDICION
Mención de edición 2. Aufl. umgearbeitete.
260 ## - PUBLICACIÓN, DISTRIBUCIÓN, ETC.
Lugar de publicación, distribución, etc. Göttinger :
Nombre del editor, distribuidor, etc. Vandenhoeck & Ruprechts Verlag,
Fecha de publicación, distribución, etc. 1871.
300 ## - DESCRIPCIÓN FÍSICA
Extensión [6], 1085 p. ;
Dimensiones 23 cm.
852 ## - LOCALIZACIÓN
Ubicación ES-MaACL
Número de control de estantería G-1481
Existencias
Estatus retirado Estado de pérdida Estado de daño No para préstamo Colección Biblioteca de origen Biblioteca actual Ubicación en estantería Fecha de adquisición Fuente de adquisición Total de préstamos Signatura topográfica completa Código de barras Visto por última vez Precio de reemplazo Tipo de ítem Koha
        Libros del s. XIX Biblioteca del Ateneo de Madrid Biblioteca del Ateneo de Madrid Depósito 2 17/01/2008     G-1481 1056901 23/02/2023 23/02/2023 Libro impreso antiguo